Stratégia priameho marketingu

Priamy marketing a jeho rastúci význam v komunikácii podniku. Porovnanie hromadného a priameho marketingu. Ľahká merateľnosť účinkov priameho marketingu. Nevýhody priameho marketingu. Priamy marketing a databázový marketing.

Salvato in:
Dettagli Bibliografici
Autore principale: Grančičová, Katarína, 1967-
Natura: Capitolo di libro
Lingua:slovacco
Soggetti:
Tags: Aggiungi Tag
Nessun Tag, puoi essere il primo ad aggiungerne!!

MARC

LEADER 00000nla a2200000 4500
001 0162714
005 20240502072822.8
041 0 |a slo 
044 |a SK 
245 1 0 |a Stratégia priameho marketingu  |c Katarína Grančičová 
520 |a Priamy marketing a jeho rastúci význam v komunikácii podniku. Porovnanie hromadného a priameho marketingu. Ľahká merateľnosť účinkov priameho marketingu. Nevýhody priameho marketingu. Priamy marketing a databázový marketing. 
610 2 0 |a marketing priamy 
610 2 0 |a komunikácia marketingová 
610 2 0 |a zákazníci 
610 2 0 |a báza dát 
610 2 0 |a trh 
610 2 0 |a segmentácia trhu 
100 1 |a Grančičová, Katarína, 1967-